Statistics for Top Official Languages by Total Area Covered

Click here to take the quiz!

General Stats

  • This quiz has been taken 360 times
  • The average score is 12 of 17

Answer Stats

AreaLanguage% Correct
42,544,442 English
100%
20,491,462 French
99%
11,994,585 Spanish
99%
10,740,194 Portuguese
98%
20,230,697 Russian
98%
14,555,382 Arabic
97%
9,633,873 Chinese
96%
3,287,263 Hindustani (Hindi)
94%
1,910,931 Malay (Indonesian)
85%
1,648,195 Persian
82%
2,724,900 Kazakh
73%
1,767,004 Swahili
72%
1,564,110 Mongolian
61%
2,828,291 Berber
33%
1,802,767 Tswana
15%
1,251,392 Sotho
14%
1,238,401 Swazi
11%

Score Distribution

Percentile by Number Answered

Percent of People with Each Score

Your Score History

You have not taken this quiz